| Tag |
First Indicator |
Second Indicator |
Subfields |
| LEADER |
00000cam a2200000 i 4500 |
| 001 |
in00005727872 |
| 005 |
20260319205533.2 |
| 006 |
m o d |
| 007 |
cr cnu---unuuu |
| 008 |
241123t20252025nyu ob 000 0 eng |
| 010 |
|
|
|a 2024055830
|
| 040 |
|
|
|a DLC
|b eng
|e rda
|e pn
|c DLC
|d STBDS
|d YDX
|d UKKRT
|d EBLCP
|d OCLCQ
|d OCLCO
|d CLOUD
|d OCLCO
|d OCLCQ
|d UPM
|d UIU
|d NLM
|d OCLCO
|d OCLCL
|d UBY
|d OCLCQ
|d UKAHL
|d OCLCQ
|d IUL
|
| 016 |
7 |
|
|a 9919011244206676
|2 DNLM
|
| 019 |
|
|
|a 1535351628
|a 1548068318
|a 1548088286
|
| 020 |
|
|
|a 9780197786567
|q (ebook)
|
| 020 |
|
|
|a 0197786561
|q (ebook)
|
| 020 |
|
|
|a 9780197786550
|q (ePub)
|
| 020 |
|
|
|a 0197786553
|q (ePub)
|
| 020 |
|
|
|z 9780197786536
|q (hardcover)
|
| 020 |
|
|
|a 9780197786543
|q hardback
|q (e-book)
|
| 020 |
|
|
|a 0197786545
|
| 024 |
7 |
|
|a 10.1093/9780197786567.001.0001
|2 doi
|
| 035 |
|
|
|a (OCoLC)1483835489
|z (OCoLC)1535351628
|z (OCoLC)1548068318
|z (OCoLC)1548088286
|
| 042 |
|
|
|a pcc
|
| 050 |
|
4 |
|a R725.5
|b .G56 2025
|
| 060 |
0 |
0 |
|a W 62
|
| 082 |
0 |
0 |
|a 174.2
|2 23/eng/20250117
|
| 049 |
|
|
|a TXAM
|
| 100 |
1 |
|
|a Giubilini, Alberto,
|e author.
|1 https://id.oclc.org/worldcat/entity/E39PCjqMFM6FFcTMWHpxdhbmkC
|
| 245 |
1 |
0 |
|a Rethinking conscientious objection in health care /
|c Alberto Giubilini, Udo Schuklenk, Francesca Minerva, and Julian Savulescu.
|
| 264 |
|
1 |
|a New York, NY :
|b Oxford University Press,
|c [2025]
|
| 264 |
|
4 |
|c ©2025
|
| 300 |
|
|
|a 1 online resource (unpaged).
|
| 336 |
|
|
|a text
|b txt
|2 rdacontent
|
| 337 |
|
|
|a computer
|b c
|2 rdamedia
|
| 338 |
|
|
|a online resource
|b cr
|2 rdacarrier
|
| 504 |
|
|
|a Includes bibliographical references.
|
| 505 |
0 |
|
|a Cover -- Half Title -- Title Page -- Copyright Page -- Contents -- Introduction -- Conscientious objection: the problem -- Why today? -- The stance taken by professional associations -- Health care systems without accommodation of conscientious objection -- Overview of the argument -- 1 Conscience, Freedom of Conscience, and Conscientious Objection -- Introduction -- Accommodation of conscientious objection in health care is not a human right -- What is conscience and what is its place in the sphere of public reason? -- Freedom of conscience and consistency
|
| 505 |
8 |
|
|a The compromise option: questioning the 'easy solution' to conflicts of conscience -- What are the ethical issues raised by conscientious objection in health care? -- Moving forward -- 2 The Argument against Conscientious Objection: On the Meaning and Ethical Relevance of Professionalism -- Introduction -- Medical professionalism -- The incompatibility thesis: a contractualist defence -- The contract and the professional-patient relationship -- What is owed to patients? Three criteria for professional obligations -- What if professional standards are wrong and my conscience is right?
|
| 505 |
8 |
|
|a A professional conscience -- Conscientious beliefs and conflict of interests -- Aren't we reducing highly skilled doctors to mere technicians? -- Harmful consequences of accommodation of conscientious objection -- Non-harm-related ethical reasons against conscientious objection: fairness and collective professional responsibility -- Should a health care professional ever be allowed to conscientiously object? -- Moving forward -- 3 Defusing Arguments in Favour of Conscientious Objection -- Introduction -- The argument from reasonability
|
| 505 |
8 |
|
|a First problem: Should the health care profession be liberal and pluralist? -- Second problem: What is reasonable? -- Reasonability of conscientious objection -- Two arguments against the reasonability view: a summary -- State neutrality and reasonability -- Compromise views -- Degrees of complicity -- Are degrees of complicity intrinsic to certain activities or context dependent? -- Is being complicit what really matters? -- Cooperation in wrongdoing and the moderate approach -- Possible solution -- The human rights argument -- The argument from toleration -- The argument from diversity
|
| 505 |
8 |
|
|a The argument from doctor's integrity -- The argument from equality of opportunity -- Moving forward -- 4 Specific Cases -- Introduction -- Actionable and non-actionable values -- Conscientious objection as an omission -- Abortion -- Medical assistance in dying -- Cosmetic plastic surgery -- Health care services for same-sex and transgender people -- Gender reassignment therapies -- In-vitro fertilization for same-sex couples -- Cases of proxy consent -- Proxy consent for interventions that benefit the incompetent patient
|
| 520 |
|
|
|a "The book provides an argument against a right to conscientious objection by healthcare professionals. In increasingly multicultural societies inspired by pluralism, and given the range of controversial medical procedures that are or will be legal in many countries, claims about healthcare professionals' right to abide by their own moral or religious views in the exercise of their profession become more frequent. This book explains why arguments for pluralism, tolerance, and diversity that support a right to freedom of conscience in society at large do not support the same right within the healthcare profession, or indeed any profession governed by internal norms of professionalism that someone freely decides to enter"--
|c Provided by publisher.
|
| 588 |
|
|
|a Description based on online resource; title from home page (Oxford Academic, viewed January 8, 2026).
|
| 532 |
1 |
|
|3 Oxford
|a "Oxford University Press strives to make its websites accessible to the widest possible audience. We try to adopt current best practices and comply to a level AA of the Web Content Accessibility Guidelines 2.0 (WCAG) and to Section 508 of the US Rehabilitation Act." Source: https://global.oup.com/academic/accessibility/?cc=us&lang=en&. Last accessed April 22, 2025.
|
| 650 |
|
0 |
|a Refusal to treat
|x Moral and ethical aspects.
|
| 650 |
|
0 |
|a Medical ethics.
|
| 650 |
|
7 |
|a Ethics.
|2 bisacsh
|
| 650 |
|
7 |
|a MEDICAL.
|2 bisacsh
|
| 650 |
|
7 |
|a Ethics & Moral Philosophy.
|2 bisacsh
|
| 650 |
|
7 |
|a PHILOSOPHY.
|2 bisacsh
|
| 650 |
|
7 |
|a Philosophy & Social Aspects.
|2 bisacsh
|
| 650 |
|
7 |
|a SCIENCE.
|2 bisacsh
|
| 650 |
|
7 |
|a Ethics & moral philosophy.
|2 thema
|
| 650 |
|
7 |
|a Society.
|2 ukslc
|
| 655 |
|
7 |
|a Electronic books.
|2 local
|
| 700 |
1 |
|
|a Schüklenk, Udo,
|e author.
|1 https://id.oclc.org/worldcat/entity/E39PBJk4DWhtgmK99hjQffDg8C
|
| 700 |
1 |
|
|a Minerva, Francesca,
|d 1981-
|e author.
|1 https://id.oclc.org/worldcat/entity/E39PCjvpKFBKW878Qwwm9qJVYP
|
| 700 |
1 |
|
|a Savulescu, Julian,
|e author.
|1 https://id.oclc.org/worldcat/entity/E39PBJf8tXyxwDpwQmpWdwxYyd
|
| 776 |
0 |
8 |
|i Print version:
|a Giubilini, Alberto.
|t Rethinking conscientious objection in health care.
|d New York, NY : Oxford University Press, [2025]
|z 9780197786536
|w (DLC) 2024055829
|w (OCoLC)1477932710
|
| 856 |
4 |
0 |
|u http://proxy.library.tamu.edu/login?url=https://academic.oup.com/book/59460
|z Connect to the full text of this electronic book
|t 0
|
| 955 |
|
|
|a Oxford Scholarship Online
|
| 955 |
|
|
|a Oxford University Press Open Access ebooks
|
| 994 |
|
|
|a 92
|b TXA
|
| 999 |
f |
f |
|i 2feaafc8-de87-4b75-b65b-1b681a866ef0
|s da7b5340-a63b-4fe4-bf58-19465e0e14ad
|t 0
|
| 952 |
f |
f |
|a Texas A&M University
|b College Station
|c Electronic Resources
|s www_evans
|d Available Online
|t 0
|e R725.5 .G56 2025
|h Library of Congress classification
|
| 998 |
f |
f |
|a R725.5 .G56 2025
|t 0
|l Available Online
|